00458nam a2200133 a 450000100100000000500170001000800410002704000250006811000580009324500360015126000750018730000200026250000420028200003885520201002031409.0130430s1987 dr 000 0 spa d aDO-SdBNPbspacBNPHU1 aRepública DominicanabPresidencia de la República10aPlan de reforma administrativa. aSanto Domingo :bOficina de Administración y Personal (ONAP),c1987. a64 p. ;c29 cm. aIncluye notas al pie de las páginas